Použitie umelej inteligencie pri predikovaní bankových kríz
Umelá inteligencia v súčasnosti zaznamenáva veľký boom, ktorý je hlavne podmienený rastúcim množstvom dát, tzv. Big Data. Techniky umelej inteligencie si našli široké uplatnenie v rôznych oblastiach. Techniky umelej inteligencie, ktoré boli využité pri tvorbe systémov včasného varovania pre bankové...
Guardado en:
| Autor principal: | |
|---|---|
| Otros Autores: | |
| Formato: | Capítulo de libro |
| Lenguaje: | eslovaco |
| Materias: | |
| Etiquetas: |
Sin Etiquetas, Sea el primero en etiquetar este registro!
|
MARC
| LEADER | 00000naa a2200000 4500 | ||
|---|---|---|---|
| 001 | 0249729 | ||
| 005 | 20260205071633.5 | ||
| 041 | 0 | |a slo | |
| 044 | |a SK | ||
| 245 | 1 | 0 | |a Použitie umelej inteligencie pri predikovaní bankových kríz |c Zuzana Košťálová, Peter Gernát |
| 520 | |a Umelá inteligencia v súčasnosti zaznamenáva veľký boom, ktorý je hlavne podmienený rastúcim množstvom dát, tzv. Big Data. Techniky umelej inteligencie si našli široké uplatnenie v rôznych oblastiach. Techniky umelej inteligencie, ktoré boli využité pri tvorbe systémov včasného varovania pre bankové krízy. Výhodou algoritmov umelej inteligencie je ich schopnosť pracovať s veľkým množstvom dát a zachytiť nelineárne vzťahy. Tieto schopnosti by mali reflektovať na dynamické a komplexné vzťahy vo finančnom systéme a prispieť tak k vylepšeniu modelov včasného varovania pre bankové krízy a spresniť ich out-of-sample prognózy. | ||
| 610 | 2 | 0 | |a inteligencia umelá |
| 610 | 2 | 0 | |a bankovníctvo |
| 610 | 2 | 0 | |a kríza banková |
| 610 | 2 | 0 | |a kríza finančná |
| 610 | 2 | 0 | |a technológie nové |
| 100 | 1 | |a Košťálová, Zuzana | |
| 700 | 1 | |a Gernát, Peter | |